Разоружение - веление времени
| Այլ հեղինակներ: | |
|---|---|
| Լեզու: | ռուսերեն |
| Հրապարակվել է: |
Москва, Правда, 1983-
|
| Ձևաչափ: | MixedMaterials Գիրք |
| KOHA link: | https://koha.lib.tpu.ru/cgi-bin/koha/opac-detail.pl?biblionumber=262526 |
MARC
| LEADER | 00000nam1a2200000 4500 | ||
|---|---|---|---|
| 001 | 262526 | ||
| 005 | 20231031222042.0 | ||
| 035 | |a (RuTPU)RU\TPU\book\285509 | ||
| 090 | |a 262526 | ||
| 100 | |a 20140602d1983 km y0rusy50 ca | ||
| 101 | 0 | |a rus | |
| 102 | |a RU | ||
| 200 | 1 | |a Разоружение - веление времени |f сост. Н. П. Прожогин | |
| 210 | |a Москва |c Правда |d 1983- | ||
| 702 | 1 | |a Прожогин |b Н. П. |4 220 | |
| 801 | 1 | |a RU |b 63413507 |c 20140602 | |
| 801 | 2 | |a RU |b 63413507 |c 20160519 |g RCR | |
| 942 | |c BK | ||